[Event "EICC 2017"]
[Site "Minsk"]
[Date "2017.06.03"]
[Round "5"]
[White "Elistratov, Semen"]
[Black "Moiseenko, Alexander"]
[Result "0-1"]
[WhiteElo "2417"]
[BlackElo "2677"]
[Annotator "TA"]
[PlyCount "124"]
[EventDate "2017.??.??"]
[EventCountry "BLR"]
[SourceTitle "playchess.com"]
[Source "ChessBase"]
[SourceQuality "1"]

{[%evp 15,124,23,26,0,0,0,6,0,0,0,12,29,36,47,13,0,0,1,14,-41,-31,-30,-43,-32,-27,-46,-33,-42,-32,-33,-25,0,0,-68,0,0,0,0,0,0,0,0,130,158,129,94,130,79,85,76,177,8,25,24,20,17,21,16,33,24,29,17,26,0,0,0,0,-8,-8,-8,-8,-8,-8,-8,-8,-8,-8,-8,-8,-8,-8,-8,-8,-8,-8,-560,-426,-441,-441,-441,-441,-441,-381,-1171,-1171,-1171,-459,-5608,-6071,-6024,-6024,-5044,-4684,-4622,-4622,-4622,-4618,-29969,-29962,-29974,-29975]} 1. e4 c5 2. Nf3 Nc6 3. Nc3 Nf6 4. Bb5 Qc7 5. O-O Nd4 6. Re1 a6 7. Bc4 {B30: Sicilian: 2...Nc6 3 Bb5, lines without ...g6} e6 8. e5 b5 {LiveBook: 4 Games} 9. Bxe6 $146 {White has an edge.} (9. Be2 $5 Ng8 10. d3 $14) ({Predecessor:} 9. Bf1 Nxf3+ 10. Qxf3 Bb7 11. Qg3 Nh5 12. Qh4 g6 13. d3 Be7 14. Bg5 Qd8 15. Bxe7 Qxe7 {0-1 (49) Inarkiev,E (2679)-Moiseenko,A (2715) Khanty-Mansiysk 2011}) 9... dxe6 10. exf6 Bb7 $1 {Threatens to win with ...Nxf3+.} 11. Nxd4 cxd4 12. Ne4 O-O-O $1 13. fxg7 Bxg7 14. d3 f5 15. Ng3 Qc6 {[%csl Gb7][%cal Rc6g2]} 16. f3 h5 $1 {[%cal Bh7h5,Bh5h4][%mdl 32]} 17. Qe2 (17. Bg5 $11 Rdg8 18. Bh4) 17... h4 $15 {[%mdl 1024] Black has compensation.} 18. Nf1 e5 19. h3 Bf6 20. Bd2 Rhg8 21. Kh1 Rg6 22. Nh2 $1 Rdg8 23. Rg1 Kb8 24. a4 (24. c3 $1 $11) 24... Qxc2 (24... bxa4 $15 25. c3 e4 26. dxe4 fxe4 27. fxe4 dxc3 28. Bxc3 Bxc3 29. bxc3 Qxe4 30. Qxe4 Bxe4) 25. axb5 $11 axb5 26. Rac1 $1 {[%cal Rc1c2]} Qb3 27. Ba5 R6g7 28. Rc5 e4 (28... Re7 $11) 29. fxe4 $16 fxe4 30. Qf2 Bg5 {aiming for ...Be3.} 31. Qxd4 (31. Ng4 $142) 31... Bf4 {[#]} 32. Bd2 $1 {[%cal Rd2f4][%mdl 512]} Bg3 (32... Bxh2 $16 {keeps fighting.} 33. Kxh2 Rxg2+ 34. Rxg2 Rxg2+ 35. Kxg2 e3+ 36. Kh2 Qd1 37. Qd8+ Ka7 38. Qa5+ Kb8 39. Rc8+ (39. Qc7+ Ka7 $16) 39... Bxc8 40. Qxb5+ Ka8 41. Qa5+ Kb8 42. Qb4+ Ka8 43. Qe4+ Kb8 44. Qf4+ (44. Bxe3 $2 Qe2+ 45. Qg2 Qxe3 $19) (44. Qxe3 Qc2 $16) 44... Kb7 45. Qe4+ (45. Qxe3 Bd7 $16) (45. Bxe3 Qc2+ 46. Qf2 Qc7+ 47. Bf4 Qd7 $16) 45... Kb8 46. Qe5+ (46. Bxe3 $2 Qe2+ 47. Qg2 Qxe3 $19) (46. Qxe3 Qc2 $16) 46... Ka8 47. Qe4+ (47. Qxe3 Qc2 $16) (47. Bxe3 Qe2+ 48. Kg1 Qe1+ 49. Kh2 Qe2+ 50. Kg1 Qe1+ 51. Kh2 Qe2+ $11) 47... Kb8) (32... Bxd2 33. Qd6+) 33. Rc3 $2 ({Only move:} 33. dxe4 $18 Rc7 34. Nf3 Rxc5 35. Qxc5) 33... Qd5 34. Qxd5 Bxd5 35. Ng4 {Black should prevent Rc5.} exd3 36. Rxd3 Rd8 {Strongly threatening ...Bxg2+!} 37. Re3 Kb7 38. Bc3 Rf7 39. Be5 Bf2 40. Nxf2 Rxf2 41. Bd4 {Re7+ is the strong threat.} Bxg2+ 42. Rxg2 Rf1+ 43. Kh2 Rxd4 $11 {[%mdl 4096] Endgame KRR-KRR} 44. Re6 Rfd1 45. Rg7+ Rd7 46. Rxd7+ Rxd7 {KR-KR} 47. Kg2 Rd2+ 48. Kf3 Rxb2 49. Re4 Rb3+ 50. Kg4 $2 {[%mdl 8192] [#]} (50. Kg2 $1 $11) 50... Rc3 $1 $19 {[%cal Rc3c4] White must now prevent ...Rc4.} 51. Re7+ {[#]} Rc7 $1 {[%cal Rc7e7]} 52. Re5 Rc4+ 53. Kf3 Kb6 54. Ke2 $2 (54. Rh5) 54... Rc3 55. Kd2 Rxh3 56. Rh5 (56. Re4 $142) 56... Ka5 57. Kc2 Ka4 58. Rh8 Rh2+ 59. Kc3 b4+ 60. Kc4 Rc2+ 61. Kd3 Rc3+ 62. Kd2 h3 {Precision: White = 47%, Black = 79%.} 0-1

[Event "EICC 2017"]
[Site "Minsk"]
[Date "2017.06.03"]
[Round "5"]
[White "Sipila, Vilka"]
[Black "Maze, Sebastien"]
[Result "0-1"]
[WhiteElo "2415"]
[BlackElo "2619"]
[Annotator "TA"]
[PlyCount "67"]
[EventDate "2017.??.??"]
[EventCountry "BLR"]
[SourceTitle "playchess.com"]
[Source "ChessBase"]
[SourceQuality "1"]

{[%evp 9,67,-20,25,18,31,31,31,31,41,42,39,31,38,29,34,37,43,27,59,33,21,0,3,-42,-41,-70,-69,-72,-58,-57,-53,-46,-47,-43,-25,-87,-64,-120,-106,-121,-54,-161,-125,-155,-161,-153,-147,-158,-160,-168,-158,-382,-150,-155,-152,-377,-137,-223,-218,-582]} 1. c4 e5 2. g3 d6 3. Nc3 Nc6 4. Nf3 g6 5. h4 $146 ({Predecessor:} 5. d4 exd4 6. Nxd4 Bd7 7. Bg2 Bg7 8. Nxc6 Bxc6 9. Nd5 Nf6 10. O-O O-O 11. Bg5 Re8 12. Qd2 Bxd5 13. cxd5 h6 14. Bxf6 Qxf6 15. e3 Qxb2 16. Qxb2 Bxb2 17. Rab1 Bc3 18. Rxb7 {½-½ (18) Vallejo Pons,F (2666)-Short,N (2723) Munich 2016}) 5... h6 6. d4 {A27: English Opening: Three Knights Variation} exd4 7. Nxd4 Bg7 8. Nxc6 {White is slightly better.} bxc6 9. Bg2 Ne7 10. Qc2 O-O 11. b3 Bf5 12. e4 Be6 13. Bb2 Rb8 14. h5 (14. c5 $5) 14... g5 15. f4 (15. c5 $5) 15... c5 $1 16. f5 Bd7 17. O-O Bd4+ 18. Kh2 f6 19. Nd5 Nc6 20. Bxd4 Nxd4 21. Qc3 Nc6 22. a3 (22. Bf3 $11 {keeps the balance.}) 22... Ne5 23. b4 (23. Bf3 $15) 23... c6 24. Ne3 Qb6 (24... Be8 $1 $17 25. Bf3 Nxf3+ 26. Rxf3 Qe7) 25. Nc2 ({Better is} 25. Bf3 $15) 25... Rfd8 26. Bf3 {[#]} a5 $1 {[%cal Rc5b4][%mdl 512]} 27. Rab1 (27. bxa5 Qb2) 27... axb4 28. axb4 cxb4 29. Nxb4 Qa5 30. Be2 $2 {[#]} (30. Kh3 $17 {was called for.}) 30... Be8 $2 (30... c5 $1 $19 31. Nd5 Qa2) 31. Kg2 Bf7 32. Rfd1 $2 {[#]} (32. Rfe1 $17) 32... Kg7 $2 (32... c5 $1 $19 {[%cal Rc5b4] and Black stays clearly on top.} 33. Nd5 Qa2) 33. Qe1 (33. Kf1 $17 {is a better defense.}) 33... Qa4 $19 34. c5 $2 {Precision: White = 27%, Black = 51%.} (34. Qc3 {is more resistant.}) 0-1

[Event "EICC 2017"]
[Site "Minsk"]
[Date "2017.06.03"]
[Round "5"]
[White "Balashov, Yuri S"]
[Black "Lopez Martinez, Josep Manuel"]
[Result "0-1"]
[WhiteElo "2408"]
[BlackElo "2597"]
[Annotator "TA"]
[PlyCount "116"]
[EventDate "2017.??.??"]
[EventCountry "BLR"]
[SourceTitle "playchess.com"]
[Source "ChessBase"]
[SourceQuality "1"]

{[%evp 12,116,38,22,35,31,32,21,44,28,45,31,84,85,73,72,64,65,145,121,123,127,136,143,142,121,164,159,159,162,161,162,154,146,157,108,122,122,134,134,141,106,104,104,99,95,93,86,79,81,90,90,89,61,60,14,50,0,20,0,0,0,101,84,150,51,64,58,50,50,55,50,66,83,114,112,131,81,90,0,116,116,110,93,105,98,145,154,242,147,145,144,420,414,375,26,61,61,48,-62,-70,-75,-73,-2143,-1771,-29992,170]} 1. d4 Nf6 2. c4 b6 3. Nc3 Bb7 4. Qc2 d5 5. cxd5 Nxd5 6. Nf3 e6 7. e4 {LiveBook: 13 Games. A50: Queen's Fianchetto Defence (1 d4 Nf6 2 c4 b6)} Nxc3 8. bxc3 Be7 9. Be3 {White is slightly better.} (9. Bb5+ c6 10. Bd3 O-O 11. O-O Nd7 12. c4 Qc7 13. Bb2 c5 14. d5 {1-0 (35) So,W (2755)-Zhou,J (2580) Las Vegas 2014}) 9... Nd7 10. Rd1 Rc8 $146 ({Predecessor:} 10... Qc8 11. Be2 O-O 12. O-O Nf6 13. Bd3 c5 14. Qb1 cxd4 15. cxd4 {½-½ (25) Donner,J (2465)-Sahovic,D (2520) Amsterdam 1979}) 11. Bd3 c6 ({Better is} 11... O-O $14) 12. O-O $16 Qc7 13. c4 c5 14. d5 $1 e5 ({Black should play} 14... O-O $14) 15. Nd2 {[%cal Bf3d2,Bd2b1,Bb1c3,Bc3b5][%mdl 32]} O-O 16. Nb1 Nf6 17. Nc3 Ne8 18. a4 a5 19. Nb5 Qb8 20. Qb2 Ba6 21. Rb1 Bd8 22. Na3 Bc7 23. Be2 Nd6 24. Qc2 $1 Qa7 25. f4 Rce8 26. fxe5 Rxe5 27. Bf4 Rfe8 28. Bxe5 Rxe5 29. Bf3 Qb8 30. Rb3 Qd8 31. Nb5 Bxb5 32. cxb5 Qe7 33. g3 h5 34. Bg2 h4 35. Rf4 hxg3 36. Rxg3 Ne8 (36... Rh5 $11) 37. Rh3 $1 g5 {[#]} (37... f6 $142 38. Qb3 Nd6) 38. Rf1 (38. Rg4 $1 $16) 38... g4 $1 $14 {[%cal Rg4h3]} 39. Rh6 {Qd2 is the strong threat.} Kg7 40. Qd2 Rg5 41. Rh4 {Hoping for Rf5.} Be5 42. Rf5 Bd4+ 43. Kh1 Rg6 44. Rfh5 {Strongly threatening Rh8.} Nf6 {[#]} 45. Rg5 (45. Qg5 $1 $16 {And now e5 would win.} Qe8 46. Qf4) 45... Qd6 (45... Nxe4 $11 {remains equal.} 46. Rxg6+ fxg6 47. Qh6+ Kf6 48. Qf4+ Kg7 49. Qh6+ Kf6 50. Qf4+ Kg7 51. Qh6+) 46. Rf5 $16 Be5 47. Qd3 Qe7 48. Qe2 g3 49. hxg3 Rxg3 (49... Bxg3 $16 50. Rh3 Be5) 50. Rh3 Rg6 51. Bf3 Bd4 $2 {[%mdl 8192]} (51... Kf8 $16 52. Qe3 Ne8) 52. e5 $18 Nd7 53. Bh5 $2 ({White has to play} 53. Rhh5 $18) 53... Rg1+ $1 $11 54. Kh2 Nxe5 55. Rxe5 (55. Rg3+ $1 $14 Rxg3 56. Kxg3) 55... Qd6 $1 $40 {[%mdl 128] White must now prevent ...Rg5. White needs to defend precisely.} 56. Bxf7 {Threatens to win with Qe4.} Rg5 $1 {[%cal Bg1g5,Bg5e5,Be5e2][%mdl 32]} 57. Be6 $2 {[%mdl 8192]} (57. Kh1 $17 Bxe5 58. Rh5) 57... Rxe5 $19 58. Qf3 Re2+ {[%mdl 32768] Precision: White = 43%, Black = 43%. . Loss on Time!?} 0-1

[Event "EICC 2017"]
[Site "Minsk"]
[Date "2017.06.03"]
[Round "5"]
[White "Sadovsky, Artem"]
[Black "Gledura, Benjamin"]
[Result "0-1"]
[WhiteElo "2407"]
[BlackElo "2602"]
[Annotator "TA"]
[PlyCount "156"]
[EventDate "2017.??.??"]
[EventCountry "BLR"]
[SourceTitle "playchess.com"]
[Source "ChessBase"]
[SourceQuality "1"]

{[%evp 20,156,0,0,0,-14,-4,-11,-5,-13,-15,-7,-5,-16,-8,-14,0,-12,-14,-13,0,-51,-51,-46,-46,-55,-47,-47,-47,-47,-47,-47,-47,-53,-50,-51,-58,-121,-121,-121,-121,-188,-183,-186,-188,-177,-165,-205,-196,-217,-222,-285,-289,-288,-288,-288,-288,-287,-260,-358,-343,-416,-321,-304,-276,-244,-274,-253,-260,-231,-184,-184,-184,-184,-184,-184,-184,-183,-183,-183,-183,-182,-151,-164,-169,-318,-270,-404,-392,-2441,-2243,-2531,-5566,-1503,-1359,-12839,-12839,-12840,-12840,-12838,0,0,0,-12838,-12838,-12840,-12840,-12850,-12851,-12851,-12851,-12851,-12851,-12851,-12851,-12851,-12851,-12851,-12851,-12851,-12851,-12851,-12851,-12851,-12851,-12851,-12851,-12851,-12851,-12851,-29957,-12851,-29955,-12851,-29981,-12851,-29985,-12851,-29986]} 1. c4 g6 2. d4 Nf6 3. g3 Bg7 4. Bg2 O-O 5. Nc3 d6 6. Nf3 Nbd7 7. O-O e5 8. b3 Re8 9. Bb2 c6 10. dxe5 dxe5 11. Ng5 {LiveBook: 15 Games} Qb6 $146 {E67: King's Indian: Fianchetto: 6...Nbd7} ({Predecessor:} 11... Nc5 12. b4 Ne6 13. Nge4 Qc7 14. Qd6 Rd8 15. Qxc7 Nxc7 16. Nxf6+ Bxf6 17. Ne4 Bg7 18. c5 Ne8 19. Rfd1 {0-1 (65) Cvek,R (2523)-Piesik,P (2289) Bohuslavice 2016}) 12. Nge4 (12. Na4 $5 {[%cal Ra4b6]} Qc7 13. Qc2 $11) 12... Nxe4 13. Nxe4 Nc5 $1 {The position is equal.} 14. Nxc5 Qxc5 15. Qd2 a5 16. Rac1 Bg4 17. Rfd1 h5 18. h3 Be6 19. Bc3 Qa3 (19... Kh7 {with more complications.} 20. Qb2 a4 21. h4 Kg8 22. Qd2 Ra6) 20. Qb2 ({White should try} 20. e3 $11) 20... Qxb2 $15 21. Bxb2 a4 22. Rd2 f5 23. e3 Red8 24. Rcd1 Rxd2 25. Rxd2 Kf7 26. Bf1 e4 27. Bxg7 Kxg7 {[%mdl 4096] Endgame KRB-KRB} 28. h4 (28. Kg2 $15) 28... axb3 $17 29. axb3 Ra1 30. f3 (30. Kg2 $17) 30... Rb1 $19 31. Kf2 Rxb3 32. fxe4 fxe4 33. Bg2 Bf5 ({Don't do} 33... Bxc4 34. Bxe4 Kf6 35. Rc2) 34. c5 Kf6 35. Bf1 Rc3 36. Rb2 Bc8 ({Less strong is} 36... Rxc5 37. Rxb7 Rc2+ 38. Ke1 $17) 37. Rb4 Rxc5 38. Rxe4 b5 39. Rb4 Bf5 40. Bg2 Ke5 41. Bf3 Kd6 42. Rd4+ Kc7 43. Rf4 Rc2+ 44. Ke1 Rc1+ 45. Kd2 {[#]} Rg1 $1 46. Bxh5 Rxg3 47. Be2 Kd6 48. h5 Ke5 49. hxg6 Rxg6 50. Rh4 Bd7 51. Rh5+ Kd6 52. e4 (52. Bd3 $142 Rg4 53. Rh6+ Kc5 54. Rh2) 52... Rg2 53. Kd3 (53. Rh6+ $142 Ke5 54. Kd3) 53... Bg4 54. Bxg4 $2 (54. Rh6+ Kc5 55. Bxg4 Rg3+ 56. Ke2 Rxg4 57. Kf3) 54... Rxg4 {KR-KR} 55. Rh6+ Kc5 56. Rh5+ Kb4 57. Kd4 {[#]} c5+ $1 {[%mdl 512]} 58. Kd5 (58. Rxc5 Rxe4+) 58... c4 59. Rh1 c3 $2 (59... Rg2 $19 {Hoping for ...c3.} 60. Rb1+ Ka4) 60. Rb1+ $1 $11 Ka5 61. Ra1+ $2 {[%mdl 8192]} (61. Kd4 $11) 61... Kb6 $19 62. Kd4 b4 63. Kc4 Rxe4+ 64. Kb3 Kb5 {( -> ...Re2)} 65. Rh1 Rd4 66. Rh5+ Kc6 67. Rg5 Kd6 68. Rb5 Ke6 69. Rc5 Kd7 70. Rb5 Kd6 71. Rb8 Ke5 72. Re8+ Kf4 73. Rf8+ Ke3 74. Re8+ Kd2 75. Rh8 Kc1 (75... Re4 $19 76. Rh7 Re3 77. Rd7+ Kc1) 76. Rh1+ Rd1 77. Rh2 Kb1 78. Ra2 Rd2 {Precision: White = 46%, Black = 74%.} 0-1

[Event "EICC 2017"]
[Site "Minsk"]
[Date "2017.06.03"]
[Round "5"]
[White "Tihonov, Jurij"]
[Black "Indjic, Aleksandar"]
[Result "1/2-1/2"]
[WhiteElo "2402"]
[BlackElo "2587"]
[Annotator "TA"]
[PlyCount "86"]
[EventDate "2017.??.??"]
[EventCountry "BLR"]
[SourceTitle "playchess.com"]
[Source "ChessBase"]
[SourceQuality "1"]

{[%evp 23,86,-21,-16,-17,-24,-30,-6,-6,-6,-31,-6,-6,-5,-5,18,0,0,0,0,0,68,64,76,90,88,54,47,53,53,62,39,11,12,9,5,8,11,19,26,18,32,0,0,0,0,0,2,3,20,3,35,40,39,16,18,27,28,24,18,23,19,14,23,0,0]} 1. d4 d5 2. c4 c6 3. Nf3 Nf6 4. Nc3 e6 5. e3 Nbd7 6. Bd3 dxc4 7. Bxc4 b5 8. Be2 a6 9. a3 {D47: Semi-Slav: Meran System} c5 10. dxc5 Bxc5 11. b4 Be7 12. O-O Bb7 {LiveBook: 35 Games} 13. Nd4 (13. Bb2 Rc8 14. Qb3 Qb6 15. Rab1 O-O 16. a4 Bxf3 17. Bxf3 Ne5 18. Be2 Nc4 19. Rbd1 Bd6 {0-1 (33) Bachmann,A (2593)-Mamedyarov,S (2736) Berlin 2015}) 13... Rc8 14. Bd2 $146 ({Predecessor:} 14. Qb3 O-O 15. Rd1 Qc7 16. Bb2 Ne5 17. Rac1 Neg4 18. g3 Qe5 19. h3 Nxf2 20. Kxf2 Rxc3 {0-1 (20) Durakovic,A (2260)-Riediger,M (2271) Austria 2013}) 14... Ne5 15. a4 Bxb4 16. Qb3 Nd5 {[%cal Rb4c3]} 17. Rfc1 O-O {White should prevent ...Nxc3.} 18. axb5 a5 19. Be1 Qg5 20. Ne4 Qg6 21. Ng3 Bxe1 ({Black should try} 21... h6 $11) 22. Rxe1 $14 Rc3 23. Qb2 {e4 is the strong threat.} Nc4 24. Qb1 {[#] Hoping for Qxg6.} Qxb1 25. Rexb1 Ndb6 {[%cal Bd5b6,Bb6c4,Bc4a3][%mdl 32]} 26. Bxc4 Nxc4 27. Nge2 Ra3 $1 28. Rxa3 Nxa3 29. Ra1 Nc4 30. Nb3 Rd8 31. h4 Kf8 32. Nxa5 Ra8 33. Nb3 Rxa1+ 34. Nxa1 $11 {[%mdl 4096] Endgame KBN-KNN} Ke7 35. Nb3 Bd5 36. Nbd4 e5 37. Nf5+ Kf6 38. Nc3 {Strongly threatening Nxg7.} Bxg2 39. Nxg7 {Threatens to win with Nh5+.} Bf3 40. Ne8+ Ke7 41. Nc7 Kd6 42. Na6 f5 {[%cal Bf7f5,Bf5f4][%mdl 32]} 43. Kh2 f4 {Precision: White = 69%, Black = 56%.} 1/2-1/2

[Event "EICC 2017"]
[Site "Minsk"]
[Date "2017.06.03"]
[Round "5"]
[White "Bakalchuk, Johnatan"]
[Black "Grigoriants, Sergey"]
[Result "0-1"]
[WhiteElo "2391"]
[BlackElo "2576"]
[Annotator "TA"]
[PlyCount "126"]
[EventDate "2017.??.??"]
[EventCountry "BLR"]
[SourceTitle "playchess.com"]
[Source "ChessBase"]
[SourceQuality "1"]

{[%evp 11,126,-34,-17,-17,-19,-27,-13,-30,-29,-25,-31,-70,-57,-80,-41,-71,-49,-85,-43,-59,-33,-76,-77,-102,-81,-99,-91,-102,-87,-141,-104,-113,-103,-120,-97,-130,-102,-118,-52,-63,-63,-102,-94,-108,-110,-119,-112,-124,-85,-144,-160,-208,-206,-205,-207,-187,-209,-209,-204,-187,-172,-172,-172,-178,-179,-179,-171,-187,-161,-356,-215,-375,-354,-348,-345,-481,-468,-449,-451,-456,-513,-482,-341,-325,-338,-327,-344,-347,-332,-551,-550,-524,-340,-343,-329,-351,-343,-336,-331,-478,-534,-521,-521,-513,-469,-1410,-1392,-1635,-1587,-12836,-1406,-1530,-1457,-12835,-12835,-12834,-12832]} 1. d4 Nf6 2. Bf4 d5 3. e3 e6 4. Nf3 c5 5. Nc3 (5. c3 Nc6 6. Nbd2 Nh5 7. Bg5 f6 8. Bh4 g6 9. Bd3 cxd4 10. cxd4 Be7 11. O-O Bd7 12. a3 O-O 13. Rc1 Rc8 14. Nb1 Qb6 {1-0 (54) Giri,A (2785)-So,W (2815) chess.com INT 2017}) 5... a6 6. a3 {D02: 1 d4 d5 2 Nf3 sidelines, including 2...Nf6 3 g3 and 2...Nf6 3 Bf4} b5 {LiveBook: 4 Games} 7. dxc5 Bxc5 8. Bd3 {The position is equal.} Bb7 9. O-O Nbd7 10. Re1 O-O $146 ({Predecessor:} 10... h6 11. e4 Qb6 {0-1 (45) Barash,M (2117)-Lugovskoy,M (2425) Moscow 2017}) 11. Qe2 Re8 12. e4 d4 13. Na2 e5 14. Bd2 Bb6 15. b4 Nf8 16. g3 Qd6 17. Rad1 Rac8 18. Nc1 Ng6 19. Nb3 h6 20. Bc1 ({White should try} 20. Rb1) 20... Qe6 21. Bb2 Rc7 22. Nfd2 Rec8 23. Rc1 Qh3 24. Qf1 Qxf1+ ({Better is} 24... Qd7 $17 25. Na5 Bxa5 26. bxa5 Qd6) 25. Rxf1 Ne8 {[%cal Bf6e8,Be8d6,Bd6c4][%mdl 32]} 26. Nb1 Nd6 27. Rfe1 Nc4 $36 {[%mdl 2048] Black is in control.} 28. Ba1 Nf8 {[%cal Bg6f8,Bf8e6,Be6g5,Bg5h3,Bh3f2][%mdl 32]} 29. c3 {[%cal Rc3d4]} dxc3 30. Rxc3 (30. Nxc3 $142 Rd8 31. Red1) 30... Ne6 $17 31. Rec1 Ng5 {Strongly threatening ...Nh3+.} 32. N1d2 {[%cal Rd3c4]} Nh3+ ({Not} 32... Nxa3 33. Rxc7 Rxc7 34. Rxc7 $11) 33. Kf1 {[%cal Rd3c4]} Nxd2+ ({Stronger than} 33... Nxa3 34. Rxc7 Rxc7 35. Rxc7 $14) (33... Bxf2 34. Nxc4 bxc4 35. Rxc4 $16) ({Don't take} 33... Nxf2 34. Bxc4 bxc4 35. Rxc4 $17) 34. Nxd2 Rxc3 35. Rxc3 Rxc3 36. Bxc3 Nxf2 37. Bc2 f6 38. Ke2 Kf8 39. Kf3 Nh3 40. Kg4 $2 {[#]} (40. Kg2 Nf2 41. h4) 40... Bc8+ 41. Kh5 $2 (41. Kf3) 41... Bd7 {aiming for ...Be8+.} 42. Nf3 Be8+ 43. Kg4 Nf2+ 44. Kf5 Kf7 {[%csl Gf7][%cal Rg7g6] [#]} 45. Bb3+ Ke7 {[%csl Ge8][%cal Rg7g6]} 46. Nh4 Bd7+ 47. Kg6 Nxe4 48. Be1 Kf8 49. Bd5 Ng5 50. Nf3 $2 (50. Bd2) 50... Be8+ $19 51. Kf5 Nxf3 52. Bxf3 {[%mdl 4096] Endgame KBB-KBB} Ke7 53. Bb7 g6+ {[%cal Bg7g6,Bg6h5][%mdl 32]} 54. Ke4 Kd6 55. g4 (55. Kd3 $142) 55... Bc6+ {Black is clearly winning.} 56. Bxc6 Kxc6 {KB-KB} 57. Bd2 h5 58. gxh5 (58. g5 $142 fxg5 59. Bxg5) 58... gxh5 59. Kf5 Kd5 60. Kxf6 Bd8+ (60... Bf2 $142 61. Kg5 e4) 61. Kf7 e4 62. Ke8 Bf6 63. Kd7 Bb2 {Precision: White = 36%, Black = 61%.} 0-1

[Event "EICC 2017"]
[Site "Minsk"]
[Date "2017.06.03"]
[Round "5"]
[White "Molchanov, Oleksii"]
[Black "Shomoev, Anton"]
[Result "1/2-1/2"]
[WhiteElo "2334"]
[BlackElo "2550"]
[Annotator "TA"]
[PlyCount "90"]
[EventDate "2017.??.??"]
[EventCountry "BLR"]
[SourceTitle "playchess.com"]
[Source "ChessBase"]
[SourceQuality "1"]

{[%evp 22,90,-21,-25,4,0,1,0,27,27,27,8,0,0,27,27,29,29,29,26,28,31,27,16,27,27,24,27,38,32,50,0,0,0,0,0,0,0,0,0,0,0,0,0,0,0,0,0,0,0,0,0,0,0,0,0,0,0,0,0,0,0,0,0,0,0,0,0,8,0,0]} 1. c4 g6 2. Nc3 Bg7 3. g3 e5 4. Bg2 d6 5. d3 f5 6. e3 Nf6 7. Nge2 O-O 8. O-O a5 9. Rb1 c6 10. a3 Be6 11. b4 axb4 12. axb4 d5 {A21: English Opening: 1...e5 2 Nc3} 13. cxd5 cxd5 14. Bb2 Nbd7 15. Na4 b6 16. Qb3 $146 ({Predecessor:} 16. Nac3 Qe7 17. d4 e4 18. Qb3 Rfc8 19. Rfc1 Rc4 20. Ba3 {1-0 (41) Rosen,B (2330)-Boog,F (2160) Hamburg 1997}) 16... Qe7 17. d4 e4 18. b5 {Threatens to win with Ba3.} Rfc8 19. Ba3 Qd8 20. Rfc1 Rc4 21. Nb2 Rxc1+ 22. Rxc1 Rc8 23. Rc6 Rxc6 $1 24. bxc6 Nb8 $1 25. Na4 Nxc6 26. Qxb6 Qxb6 {The position is equal.} 27. Nxb6 Bf8 28. Bxf8 Kxf8 29. h4 Ke7 30. Bf1 h6 31. Na4 Bf7 32. Nc5 Nd7 33. Nxd7 Kxd7 $11 {[%mdl 4096] Endgame KBN-KBN} 34. Bh3 Be6 35. Nc3 Na5 36. Bf1 Nb3 37. Bb5+ Kd6 38. Be8 g5 39. hxg5 hxg5 40. Ba4 Nd2 41. Kg2 Bf7 42. Bd1 Be6 43. Na4 Bd7 44. Nc3 Bc6 45. f3 Nc4 {Precision: White = 68%, Black = 69%.} 1/2-1/2

[Event "EICC 2017"]
[Site "Minsk"]
[Date "2017.06.03"]
[Round "5"]
[White "Davtyan, Artur"]
[Black "Blomqvist, Erik"]
[Result "1/2-1/2"]
[WhiteElo "2216"]
[BlackElo "2546"]
[Annotator "TA"]
[PlyCount "80"]
[EventDate "2017.??.??"]
[EventCountry "BLR"]
[SourceTitle "playchess.com"]
[Source "ChessBase"]
[SourceQuality "1"]

{[%evp 25,80,35,27,4,6,4,9,12,11,4,10,6,12,0,0,-4,0,-15,-15,-13,-13,-13,-11,-18,-18,-18,0,0,0,-5,-8,-8,-7,-8,0,0,1,0,0,0,0,0,0,-12,-2,-2,-2,-2,-2,-4,-8,-10,0,0,0,0,0]} 1. d4 d5 2. c4 c6 3. Nf3 Nf6 4. Nc3 dxc4 5. a4 Bf5 6. e3 e6 7. Bxc4 Bb4 8. O-O O-O 9. Qe2 Nbd7 10. e4 Bg6 11. Bd3 Re8 12. e5 {D19: Slav Defence: 5 a4 Bf5 6 e3: Main line with 9 Qe2} Bxd3 13. Qxd3 Nd5 $1 {LiveBook: 5 Games} 14. Nxd5 {White has an edge.} cxd5 {The position is equal.} 15. Qb5 Be7 16. Bd2 Nb6 {[%cal Bd7b6,Bb6c8,Bc8a7,Ba7b5,Bb5a3][%mdl 32]} 17. b3 a6 18. Qd3 Nc8 {[#]} 19. Rfc1 $146 (19. h4 $5) ({Predecessor:} 19. Ne1 Na7 {1-0 (51) Beliavsky,A (2620)-Tregubov,P (2616) Grosseto Prugna 2014}) 19... Na7 20. b4 (20. h4 $5) 20... Qb6 21. b5 (21. h3 {keeps more tension.} h6 22. g3 Rec8 23. Rcb1 Rc4 24. b5) 21... axb5 22. axb5 Qxb5 23. Qxb5 Nxb5 24. Rxa8 Rxa8 25. Rb1 Na3 26. Rxb7 Bd8 27. g4 Nc4 28. Bb4 h6 29. Kg2 Bb6 30. h3 {[%cal Bh2h3,Bh3h4][%mdl 32]} Ra7 31. Rxa7 Bxa7 $11 {[%mdl 4096] Endgame KBN-KBN} 32. h4 f6 33. exf6 gxf6 34. g5 hxg5 35. hxg5 Kf7 36. gxf6 Kxf6 37. Kf1 Kf5 38. Ke2 e5 39. dxe5 Nxe5 40. Nxe5 Kxe5 {Precision: White = 63%, Black = 71%.} 1/2-1/2